Contextualization in world missions : (Record no. 8404)

MARC details
000 -LEADER
fixed length control field 00719nam a22002297a 4500
003 - CONTROL NUMBER IDENTIFIER
control field GBCCL
005 - DATE AND TIME OF LATEST TRANSACTION
control field 20241126110650.0
008 - FIXED-LENGTH DATA ELEMENTS--GENERAL INFORMATION
fixed length control field 210210b ||||| |||| 00| 0 eng d
010 ## -
-- 2011039899
020 ## - INTERNATIONAL STANDARD BOOK NUMBER
International Standard Book Number 9780825433894
040 ## - CATALOGING SOURCE
Transcribing agency gbc
082 ## - DEWEY DECIMAL CLASSIFICATION NUMBER
Classification number 266.001
Item number MOR
100 ## - MAIN ENTRY--PERSONAL NAME
Personal name Moreau, A. Scott,
Dates associated with a name 1955-
9 (RLIN) 3635
245 ## - TITLE STATEMENT
Title Contextualization in world missions :
Remainder of title mapping and assessing evangelical models /
Statement of responsibility, etc. A. Scott Moreau.
260 ## - PUBLICATION, DISTRIBUTION, ETC.
Place of publication, distribution, etc. Grand Rapids, MI :
Name of publisher, distributor, etc. Kregel Publications,
Date of publication, distribution, etc. [2012]
300 ## - PHYSICAL DESCRIPTION
Extent 429 p. ;
Other physical details 23 cm.
504 ## - BIBLIOGRAPHY, ETC. NOTE
Bibliography, etc. note Includes bibliographical references.
650 ## - SUBJECT ADDED ENTRY--TOPICAL TERM
Topical term or geographic name entry element Christianity and culture.
9 (RLIN) 886
650 ## - SUBJECT ADDED ENTRY--TOPICAL TERM
Topical term or geographic name entry element Missions.
9 (RLIN) 885
650 ## - SUBJECT ADDED ENTRY--TOPICAL TERM
Topical term or geographic name entry element Evangelistic work.
9 (RLIN) 290
942 ## - ADDED ENTRY ELEMENTS (KOHA)
Source of classification or shelving scheme Dewey Decimal Classification
Koha item type Books
Koha issues (borrowed), all copies 9
Holdings
Withdrawn status Lost status Source of classification or shelving scheme Damaged status Not for loan Home library Current Library Shelving location Date acquired Total checkouts Full call number Barcode Date last seen Date last checked out Copy number Price effective from Koha item type
    Dewey Decimal Classification     GRACE BIBLE COLLEGE GRACE BIBLE COLLEGE Ministry & Mission 2021-02-10 12 266.001 MOR 013964 2026-02-18 2026-02-12 c.1 2021-02-10 Books
© Grace Bible College Library 2025